MARC

LEADER 00000nas a2200000 a 4500
001 ssj0037667
003 WaSeSS
005 20200512172242.0
006 m d
007 cr n
008 931019c19939999enkmr p s 0 0eng c
010 |a  94659149   |z sn 94029337  
015 |a GB9402417  |2 bnb 
016 7 |a 012488157  |2 Uk 
022 |l 1352-9250  |y 1352-9250 
030 |a PUFIEK 
035 |a (WaSeSS)ssj0037667 
037 |b Chartered Institute of Public Finance and Accountancy, 1 Buckingham Pl., London, Eng., SW1E6HS 
040 |a EUE  |b eng  |c EUE  |d KUK  |d GUA  |d CAS  |d DLC  |d GUA  |d OCLCQ  |d IUL  |d OCLCQ  |d IUL  |d UKMGB  |d OCLCF  |d DLC  |d UKBOL  |d LIP  |d EZ9  |d OCLCQ  |d RDF  |d CGU  |d WaSeSS 
042 |a pcc 
043 |a e-uk--- 
050 0 0 |a HJ9701  |b .P8 
082 0 0 |a 657/.835/00941 
130 0 |a Public finance (London, England) 
222 0 |a Public finance  |b (London) 
245 1 0 |a Public finance  |h [electronic resource]. 
260 |a London :  |b FSF,  |c [1993]- 
260 2 |3 <Nov. 2016-> :  |a London :  |b CIPFA 
260 3 |3 <April 2017-> :  |a London :  |b Redactive Publishing Ltd 
310 |a Monthly,  |b 2011- 
321 |a Weekly,  |b 1993-2010 
362 1 |a Began with 15 Oct. 1993. 
506 |a License restrictions may limit access. 
515 |a No issues published 1996:Dec 27; 1997: Jan 3, Aug 8,22, Dec 26; 1998: Jan 2, Aug 7,21, Dec 25; 1999: Jan 1 
525 |a Has supplement: Electronic government. 
550 |a Issued by: Chartered Institute of Public Finance and Accountancy. 
588 |a Latest issue consulted: Issue no. 4 (April 2017). 
650 0 |a Finance, Public  |z Great Britain  |x Accounting  |v Periodicals. 
650 7 |a Finance, Public  |x Accounting.  |2 fast  |0 (OCoLC)fst00924478 
651 7 |a Great Britain.  |2 fast  |0 (OCoLC)fst01204623 
653 |a Accounting 
653 |a Public administration 
655 0 |a Electronic journals. 
710 2 |a Chartered Institute of Public Finance and Accountancy. 
740 0 2 |a Electronic government. 
780 0 0 |t Public finance and accountancy  |x 0305-9014  |w (DLC) 76644846  |w (OCoLC)1232474 
850 |a DLC  |a GU 
853 2 0 |8 1  |a (year)  |w w 
853 2 0 |8 2  |a (year)  |b no  |u 12  |i (year)  |j month  |w m 
856 4 0 |z Full text available from Research Library: 12/17/2004 to 01/13/2005  |u https://search.proquest.com/publication/31514 
856 4 0 |z Full text available from Research Library: 02/12/2005 to present  |u https://search.proquest.com/publication/31514 
863 4 0 |8 1.1  |a 1993-2010 
863 4 1 |8 2.1  |a 2011  |b 1  |i 2011  |j 01